Zvyšovanie účinnosti klasických kotlov.

Na minha lista:
Detalhes bibliográficos
Autor principal: Danko, Matúš, 1991- (Author)
Outros Autores: Muškát, Peter, 1976- (Thesis advisor)
Formato: Manuscrito Livro
Idioma:eslovaco
Publicado em: Bratislava : STU v Bratislave SjF, 2013
Assuntos:
Acesso em linha:VAIS
Tags: Adicionar Tag
Sem tags, seja o primeiro a adicionar uma tag!

MARC

LEADER 00000ntm a22000003a 4500
001 stu287226
005 20150617230253.5
008 140326s2013----xo------------------slo-d
040 |a STU  |b slo 
041 0 |a slo 
044 |a xo 
100 1 |a Danko, Matúš,  |d 1991-  |4 aut  |u J  |T SjF Strojnícka fakulta  |X 8161  |U J  |Y 20  |7 A000008161 
242 0 0 |a Increasing the efficiency of conventional boilers  |y eng 
245 1 |a Zvyšovanie účinnosti klasických kotlov. 
260 |a Bratislava :  |b STU v Bratislave SjF,  |c 2013 
650 7 |a energetické strojárstvo  |2 stusub 
650 7 |a Power Engineering  |2 estusub 
650 7 |a heat exchanger  |2 estusub 
650 7 |a renewable source of energy  |2 estusub 
650 7 |a výroba tepla  |2 stusub 
650 7 |a výmenník tepla  |2 stusub 
650 7 |a obnoviteľné zdroje energie  |2 stusub 
700 1 |a Muškát, Peter,  |d 1976-  |4 ths  |X 5022  |7 A000005022 
856 4 |a info a plný text  |u http://is.stuba.sk/zp/portal_zp.pl?podrobnosti=82315  |3 VAIS